000 00789nam a2200253Ia 4500
003 OSt
005 20221005033458.0
006 a|||||r|||| 00| 0
007 ta
008 221004b |||||||| |||| 00| 0 san d
020 _a9788121702270 (hbk)
_c500
024 _a13892
037 _b239, 17/12/2013, Eastern Book Linkers
_cTextual
040 _aCRL
_cCRL
_bsan
041 _2san
_asan
082 _aO15,1:g(P:75), 152Q3
100 _aShashtri Jagan Nath Tr.
_9586113
245 0 _aChando manjjri
260 _aDelhi
_bBhartiya Vidhya Prakashan India
_c2013
300 _a320p.
_ccm.
650 _aSANSKRIT LITERATURE
942 _hO15,1:g(P:75), 152Q3
_cTEXL
_2cc
999 _c941598
_d941598